000 01158nas a2200325 4500
001 BR2012006534
003 BR-BrBNA
005 20231205121101.0
007 ta
008 230509b bl.|||p| |||| 00| 00por d
040 _aBR-BrBNA
_bpor
_cBiblioteca Nacional de Agricultura
041 _a(Pt)
072 _aF02; F50
100 1 _aFogaça, L.A.
100 1 _aDortzbach, D.
100 1 _aAlves, A.C.
100 1 _aPedrotti, E.L.
245 1 _aCaracterísticas morfofisiológicas de brotações de Agapanthus umbellatus var. minor multiplicadas em biorreator de imersão temporária
246 1 _aMorphological and physiological characteristics Agapanthus umbellatus var. minor of shoots propagated in bioreactor of temporary immersion
650 _aPLANTA ORNAMENTAL
650 _aPROPAGAÇÃO VEGETATIVA
650 _aMORFOLOGIA VEGETAL
650 _aCRESCIMENTO
650 _aBROTAÇÃO
650 _aSACAROSE
650 _aRADIAÇÃO LUMINOSA
773 0 _tPlant Cell Culture e Micropropagation (Brazil)
_xISSN 1808-9909
_g(2006), v. 2(2) p. 80-87
_wBR2012006534
909 _a202311
_bLúcia
_c55
_dLúcia Elande
942 _2AGRIS
_n0
_cANA
999 _c221756
_d221756